000 00483nam a2200181Ia 4500
001 16397
005 20260306170306.0
008 260306t2018||||xx |||||||||||||| ||und||
041 _aESP
082 _a348.550973
_bH22
100 _aHartzog, Woodrow
_eAUT
245 0 _aPrivacy’s blueprint:
_bthe battle to control the design of new tech technologies
260 _c2018
300 _ax, 366 páginas :
_c24 cm.
650 _aGEN
654 _aCDE
942 _cLIB
_dJUS
_fJUS
_2ddc
_n
999 _c16397
_d16397